[Event "Berkeley CS Rubinstein FNM; 30/90, SD/3"]
[Site "Berkeley"]
[Date "2011.09.02"]
[Round "6.3"]
[White "Chamberlain, Ethan"]
[Black "Li, William J"]
[Result "1-0"]
[WhiteElo "1931"]
[BlackElo "1429"]
[PlyCount "120"]
[EventDate "2011.??.??"]
[SourceDate "2007.10.22"]

1. e4 c6 2. d4 d5 3. Nc3 dxe4 4. Nxe4 Bf5 5. Ng3 Bg6 6. h4 h6 7. h5 Bh7 8. Nf3
Nd7 9. Bd3 Bxd3 10. Qxd3 Ngf6 11. Bd2 Qc7 12. O-O-O O-O-O 13. Qa3 b6 14. Bb4
Nd5 15. Bd2 Kb7 16. Qb3 e6 17. Ne2 Bd6 18. g3 c5 19. Ne5 Nxe5 20. dxe5 Bxe5 21.
c4 Nf6 22. Nc3 Rd3 23. Be3 Rhd8 24. Rxd3 Rxd3 25. Rd1 Rxd1+ 26. Qxd1 Qd6 27.
Qf3+ Qc6 28. Qd1 -- 29. g4 Qd6 30. Qf3+ Qc6 31. Qd1 Qg2 32. Qd8 Qxg4 33. Qe7+
Bc7 34. Qxf7 Nxh5 35. Kd2 Qf5 36. Qd7 g5 37. Nd5 Qe5 38. Nxc7 Qxc7 39. Qxe6
Qd8+ 40. Kc2 Nf6 41. Qf7+ Kb8 42. Qg7 Ng4 43. Bd2 Qf6 44. Qg8+ Kc7 45. Qh7+ Kc6
46. Qe4+ Kc7 47. Qxg4 Qxf2 48. Qe4 Qf6 49. Bc3 Qc6 50. Be5+ Kd7 51. Qh7+ Ke6
52. Qxh6+ Kd7 53. Qxc6+ Kxc6 54. Kc3 b5 55. Bf6 g4 56. Be5 Kd7 57. b3 Ke6 58.
Bh2 Kf5 59. Kd3 b4 60. Bg1 Kf4 1-0

[Event "Berkeley CC Colle FNM; 30/90, SD/30"]
[Site "Berkeley"]
[Date "2011.07.15"]
[Round "6.2"]
[White "Chamberlain, Ethan"]
[Black "Muntean, Tudor"]
[Result "0-1"]
[WhiteElo "1966"]
[BlackElo "1755"]
[PlyCount "84"]
[EventDate "2011.??.??"]
[SourceDate "2007.10.22"]

1. e4 d5 2. exd5 Nf6 3. d4 Bg4 4. Be2 Bxe2 5. Qxe2 Qxd5 6. Nf3 e6 7. O-O Bd6 8.
c4 Qh5 9. h3 c5 10. d5 e5 11. Re1 Nbd7 12. Nxe5 Nxe5 13. Qxh5 Nxh5 14. f4 O-O-O
15. fxe5 Rhe8 16. g4 Nf6 17. Bf4 g5 18. Bg3 Bb8 19. Nc3 Nd7 20. d6 Re6 21. Nd5
Rde8 22. Ne7+ Kd8 23. Rad1 h6 24. Kg2 Rf8 25. Nf5 Rg8 26. Nxh6 Rxh6 27. Rf1 Ke8
28. Rde1 Re6 29. Rf5 Rgg6 30. Ref1 Rg7 31. a3 a5 32. b4 cxb4 33. axb4 axb4 34.
Rb1 f6 35. exf6 Nxf6 36. Rxf6 Rxf6 37. d7+ Rxd7 38. Bxb8 Rd2+ 39. Kg1 Ra6 40.
Be5 Re6 41. Bg3 Ree2 42. Kh1 b3 0-1

[Event "Berkeley CS Rubinstein FNM; 30/90, SD/3"]
[Site "Berkeley"]
[Date "2011.08.19"]
[Round "4.3"]
[White "Chamberlain, Ethan"]
[Black "Parkin, John"]
[Result "1-0"]
[WhiteElo "1931"]
[BlackElo "1782"]
[PlyCount "53"]
[EventDate "2011.??.??"]
[SourceDate "2007.10.22"]

1. e4 d5 2. exd5 Qxd5 3. Nc3 Qd6 4. d4 Nf6 5. Nf3 c6 6. h3 Bf5 7. Bd3 e6 8. O-O
Nbd7 9. Bxf5 exf5 10. Re1+ Be7 11. Qe2 Nf8 12. Bf4 Qd8 13. d5 cxd5 14. Be5 Ne6
15. Nd4 Nxd4 16. Bxd4 Kf8 17. Rad1 Bb4 18. Bxf6 gxf6 19. Rxd5 Qc7 20. Qe3 f4
21. Qd4 Bxc3 22. bxc3 Rg8 23. Qxf6 Rc8 24. Red1 Re8 25. Rd8 Rg6 26. Qh8+ Rg8
27. Rxe8+ 1-0

[Event "Berkeley CC Capablanca FNM; 30/90, SD/3"]
[Site "Berkeley"]
[Date "2011.09.23"]
[Round "2.1"]
[White "Chamberlain, Ethan"]
[Black "Poehlmann, Roger M"]
[Result "0-1"]
[WhiteElo "1930"]
[BlackElo "2259"]
[PlyCount "64"]
[EventDate "2011.??.??"]
[SourceDate "2007.10.22"]

1. e4 e6 2. d4 d5 3. Nd2 Nf6 4. e5 Nfd7 5. Bd3 c5 6. c3 Nc6 7. Ne2 cxd4 8. cxd4
f6 9. Nf4 Nxd4 10. Qh5+ Ke7 11. Ng6+ hxg6 12. Qxh8 Nxe5 13. Bb1 Qb6 14. Nb3
Nxb3 15. axb3 Kf7 16. O-O Bd7 17. Bd2 Rc8 18. Qh3 Bb5 19. Re1 Bc5 20. Rxe5
Bxf2+ 21. Kh1 fxe5 22. Qf3+ Kg8 23. Bxg6 Be8 24. Bxe8 Rxe8 25. Rf1 Rf8 26. Qg4
Bd4 27. Rxf8+ Kxf8 28. Qh5 Qb5 29. Qh8+ Kf7 30. Qh5+ Kg8 31. Qd1 Qd3 32. Qe1 e4
0-1

[Event "Berkeley CC Reti FNM; 30/90, SD/60"]
[Site "Berkeley"]
[Date "2011.04.22"]
[Round "1.8"]
[White "Chamberlain, Ethan"]
[Black "Shan, Jonathan"]
[Result "1-0"]
[WhiteElo "1878"]
[BlackElo "1440"]
[PlyCount "81"]
[EventDate "2011.??.??"]
[SourceDate "2007.10.22"]

1. e4 e5 2. Nf3 Nc6 3. Bc4 Nf6 4. Ng5 d5 5. exd5 Na5 6. Bb5+ Bd7 7. Qe2 Bd6 8.
O-O Nxd5 9. d4 Bxb5 10. Qxb5+ c6 11. Qe2 Qe7 12. Ne4 Bc7 13. c4 Nb6 14. c5 Nd5
15. Bg5 f6 16. Bd2 O-O 17. b4 f5 18. Nd6 b6 19. bxa5 exd4 20. Qxe7 Nxe7 21. Nb7
Rab8 22. a6 f4 23. Bb4 Rfe8 24. Nd2 Nd5 25. a3 Re2 26. Rfe1 d3 27. Nc4 g5 28.
Rxe2 dxe2 29. Re1 Re8 30. Ncd6 Re5 31. Nc4 Re6 32. f3 h5 33. Kf2 b5 34. Ncd6
Ne3 35. Rxe2 Nd1+ 36. Ke1 Rxe2+ 37. Kxe2 Ne3 38. Kf2 Kf8 39. Bd2 Nd5 40. Nc8
Bb8 41. Na5 1-0

[Event "Berkeley CC Colle FNM; 30/90, SD/30"]
[Site "Berkeley"]
[Date "2011.07.08"]
[Round "5.3"]
[White "Chamberlain, Ethan"]
[Black "Smail, John"]
[Result "1-0"]
[WhiteElo "1966"]
[BlackElo "1866"]
[PlyCount "67"]
[EventDate "2011.??.??"]
[SourceDate "2007.10.22"]

1. e4 e6 2. d4 d5 3. Nd2 Nf6 4. e5 Nfd7 5. Bd3 c5 6. c3 Nc6 7. Ne2 cxd4 8. cxd4
Qb6 9. Nf3 f6 10. exf6 Nxf6 11. O-O Bd6 12. b3 Bd7 13. Bb2 O-O 14. Rc1 Rac8 15.
Bb1 Ne7 16. Qd2 Bb5 17. Qe3 Bb8 18. Rxc8 Rxc8 19. Ne5 Nf5 20. Bxf5 exf5 21. Rc1
Re8 22. Qf3 Bxe2 23. Qxe2 Qe6 24. Qb5 Rc8 25. Re1 Qb6 26. Qd3 g6 27. h3 Bd6 28.
Bc1 Ne4 29. Bh6 Bxe5 30. dxe5 Qxf2+ 31. Kh2 Rd8 32. e6 Qh4 33. Rxe4 Qxe4 34.
Qc3 1-0

[Event "Berkeley CC Colle FNM; 30/90, SD/30"]
[Site "Berkeley"]
[Date "2011.06.10"]
[Round "1.2"]
[White "Chamberlain, Ethan"]
[Black "Sowell, Nelson M"]
[Result "1-0"]
[WhiteElo "1966"]
[BlackElo "1729"]
[PlyCount "120"]
[EventDate "2011.??.??"]
[SourceDate "2007.10.22"]

1. e4 Nf6 2. e5 Nd5 3. d4 d6 4. Nf3 Bg4 5. Be2 e6 6. h3 Bh5 7. O-O Be7 8. c4
Nb6 9. Nc3 O-O 10. exd6 cxd6 11. b3 Nc6 12. Bb2 a6 13. Re1 Re8 14. Qd2 Qc7 15.
d5 exd5 16. Nxd5 Nxd5 17. Qxd5 Bg6 18. Qd2 Rad8 19. Bc3 Bf8 20. Nh4 Ne7 21. Bf3
Nf5 22. Nxg6 hxg6 23. Qd5 b6 24. Qb7 Qxb7 25. Bxb7 a5 26. Bc6 Rxe1+ 27. Rxe1
Ne7 28. Bb5 f6 29. Bd4 Rb8 30. Bd7 Kf7 31. Re4 Rb7 32. Be6+ Ke8 33. Bc8 Rb8 34.
Ba6 Kd8 35. Bb5 Kc7 36. g4 Nc6 37. Bc3 Ne5 38. f4 Nd7 39. Re3 Nc5 40. Kg2 Rd8
41. Re8 Nd7 42. Rxd8 Kxd8 43. h4 Nc5 44. Kf3 f5 45. Bd4 Ke7 46. Bc6 fxg4+ 47.
Kxg4 Kd8 48. Bd5 Kc7 49. Kg5 Be7+ 50. Kxg6 Bxh4 51. Kxg7 Nd3 52. f5 Nc1 53. Be3
Nxa2 54. Bd2 Kd7 55. f6 Bxf6+ 56. Kxf6 Nb4 57. Bxb4 axb4 58. Kf7 Kc7 59. Ke6 b5
60. cxb5 Kb6 {score ends} 1-0

[Event "Berkeley CC Reti FNM; 30/90, SD/60"]
[Site "Berkeley CA"]
[Date "2011.05.06"]
[Round "3.7"]
[White "Chamberlain, Ethan"]
[Black "Wang, Michael Lei"]
[Result "0-1"]
[WhiteElo "1878"]
[BlackElo "1735"]
[PlyCount "62"]
[EventDate "2011.??.??"]
[SourceDate "2007.10.22"]

1. e4 c6 2. d4 d5 3. Nc3 dxe4 4. Nxe4 Bf5 5. Ng3 Bg6 6. h4 h6 7. Nf3 Nd7 8. h5
Bh7 9. Bd3 Bxd3 10. Qxd3 Ngf6 11. Bd2 e6 12. O-O-O Be7 13. Rhe1 O-O 14. Qe2 Bd6
15. Ne5 Rc8 16. Ne4 Nxe4 17. Qxe4 c5 18. Qxb7 Rc7 19. Qe4 cxd4 20. Nxd7 Qxd7
21. Qxd4 e5 22. Qd3 Rfc8 23. Bc3 Rxc3 24. bxc3 Ba3+ 25. Kd2 Qg4 26. Qd5 Be7 27.
Qb7 Bg5+ 28. Re3 Rd8+ 29. Kc1 Qxd1+ 30. Kb2 Bxe3 31. fxe3 Qd7 0-1

[Event "Berkeley CC Colle FNM; 30/90, SD/30"]
[Site "Berkeley"]
[Date "2011.06.24"]
[Round "3.3"]
[White "Chamberlain, Ethan"]
[Black "Woebcke, Carl"]
[Result "1-0"]
[WhiteElo "1966"]
[BlackElo "1803"]
[PlyCount "75"]
[EventDate "2011.??.??"]
[SourceDate "2007.10.22"]

1. e4 c5 2. Nf3 d6 3. d4 cxd4 4. Nxd4 Nf6 5. Nc3 a6 6. Be2 e5 7. Nb3 Be7 8. Be3
Be6 9. Nd5 Nxd5 10. exd5 Bf5 11. g4 Bg6 12. Qd2 Nd7 13. g5 Rc8 14. c3 f5 15. f4
h6 16. gxh6 Bh4+ 17. Kf1 gxh6 18. Rg1 Qf6 19. Qd1 Ke7 20. Na5 Rc7 21. Nc4 Bf7
22. Qd2 Rg8 23. Rd1 Rxg1+ 24. Kxg1 Rc8 25. Na5 exf4 26. Bxf4 Qg7+ 27. Kh1 Rg8
28. Qe3+ Ne5 29. Bf3 Bh5 30. Bxe5 Bxf3+ 31. Qxf3 Qxe5 32. Nc4 Qg7 33. Ne3 Kd8
34. Nxf5 Qf6 35. Rf1 Bg5 36. Qd3 Qg6 37. Qd4 Rf8 38. Qb6+ 1-0

[Event "Berkeley CC De Firmian FNM; 30/90, SD/30"]
[Site "Berkeley"]
[Date "2012.04.06"]
[Round "2.9"]
[White "Chan, Michael"]
[Black "Jenkins, Gerl L"]
[Result "1-0"]
[WhiteElo "1900"]
[BlackElo "1602"]
[PlyCount "101"]
[EventDate "2012.??.??"]

1. d4 d5 2. c4 c6 3. Nc3 e6 4. Nf3 dxc4 5. e3 b5 6. Bd2 Bb4 7. a4 Bxc3 8. Bxc3
Qd5 9. Be2 Ba6 10. O-O Nf6 11. Bb4 Nbd7 12. Nd2 Nb6 13. Bf3 Qd7 14. axb5 Bxb5
15. Re1 Nfd5 16. Bc5 Qc7 17. Ne4 Rd8 18. Ra3 Ne7 19. Qa1 Nec8 20. Ra5 Rd7 21.
Qa3 a6 22. Ra1 h6 23. Bb4 Nd5 24. Nc5 Nxb4 25. Qxb4 Qd6 26. Nxa6 Qxb4 27. Nxb4
Rc7 28. d5 exd5 29. Nxd5 Rd7 30. Nc3 Rd2 31. Nxb5 cxb5 32. Rxb5 O-O 33. Rc1 Nd6
34. Rd5 Rxd5 35. Bxd5 Rb8 36. Bxc4 Rxb2 37. Bd5 Kh7 38. g3 Rd2 39. Bg2 f6 40.
h4 f5 41. Rc6 Rd1+ 42. Kh2 Rd2 43. f3 Kg8 44. Kh3 Kf7 45. h5 Rd3 46. g4 Ne8 47.
gxf5 Rxe3 48. Rc5 Nd6 49. Kg4 Rd3 50. Rc7+ Kf6 51. Rc6 1-0

[Event "Berkeley CC Christiansen FNM; 30/90, SD/"]
[Site "Berkeley"]
[Date "2012.06.15"]
[Round "6.4"]
[White "Chan, Michael Thom"]
[Black "Mueckenberger, Andrew"]
[Result "*"]
[WhiteElo "1949"]
[BlackElo "1737"]
[PlyCount "60"]
[EventDate "2012.??.??"]

1. d4 Nf6 2. c4 g6 3. Nc3 Bg7 4. e4 d6 5. f4 O-O 6. Nf3 Bg4 7. Be2 c5 8. d5 e6
9. O-O exd5 10. cxd5 a6 11. a4 Re8 12. Nd2 Bxe2 13. Qxe2 Nbd7 14. Qf3 Rb8 15.
a5 Qe7 16. Ra4 h5 17. Kh1 Rbd8 18. b4 cxb4 19. Rxb4 Nc5 20. Ba3 Rc8 21. Rbb1
Qc7 22. Bb4 Re7 23. e5 dxe5 24. d6 Qxd6 25. Nde4 Nfxe4 26. Nxe4 Qd4 27. Rfd1
Qxe4 28. Qxe4 Nxe4 29. Re1 Nf2+ 30. Kg1 Nd3 {remainder illegible} *

[Event "Berkeley CC Capablanca FNM; 30/90, SD/3"]
[Site "Berkeley"]
[Date "2011.10.21"]
[Round "6.9"]
[White "Chen, Peter"]
[Black "Motschenbacher, Von"]
[Result "0-1"]
[WhiteElo "825"]
[BlackElo "1741"]
[PlyCount "66"]
[EventDate "2011.??.??"]
[SourceDate "2007.10.22"]

1. e4 e6 2. d4 d5 3. exd5 exd5 4. Bd3 Bd6 5. Nc3 Ne7 6. Bd2 Nbc6 7. Nce2 Bg4 8.
f3 Bf5 9. Bxf5 Nxf5 10. c3 Qh4+ 11. Kf1 Ng3+ 12. Nxg3 Bxg3 13. Qe2+ Kd7 14. h3
a6 15. Qe3 h6 16. Ne2 Rae8 17. Qd3 Rxe2 18. Kxe2 Re8+ 19. Kd1 g6 20. Kc2 Ne7
21. Be1 Nf5 22. Qd2 Ne3+ 23. Kb3 Nc4 24. Qd1 a5 25. Bxg3 Qxg3 26. a4 Qxg2 27.
Qc1 Re2 28. Ra2 Nd2+ 29. Ka3 Nc4+ 30. Kb3 Ne3 31. Re1 Rxe1 32. Qxe1 Qc2+ 33.
Ka3 Nc4# 0-1

[Event "Berkeley CC Ch2011 FNM; 30/90, SD/30"]
[Site "Berkeley"]
[Date "2011.12.09"]
[Round "6.15"]
[White "Chen, Peter"]
[Black "Shen, Justin"]
[Result "0-1"]
[WhiteElo "1612"]
[BlackElo "1352"]
[PlyCount "30"]
[EventDate "2011.??.??"]
[SourceDate "2007.10.22"]

1. e4 c5 2. Nf3 d6 3. d4 cxd4 4. Nxd4 Nf6 5. Nc3 g6 6. f3 Bg7 7. Be3 O-O 8. Qd2
Nc6 9. Nxc6 bxc6 10. O-O-O Be6 11. Bh6 Qa5 12. Bxg7 Kxg7 13. Kb1 Rfb8 14. Ne2
Qxa2+ 15. Kc1 Qxb2# 0-1

[Event "Berkeley CC Ch2011 FNM; 30/90, SD/30"]
[Site "Berkeley"]
[Date "2011.12.16"]
[Round "7"]
[White "Chen, Peter"]
[Black "Xu, Young"]
[Result "0-1"]
[WhiteElo "1612"]
[BlackElo "1187"]
[PlyCount "62"]
[EventDate "2011.??.??"]
[SourceDate "2007.10.22"]

1. e4 e5 2. Nf3 Nc6 3. Bc4 Nf6 4. Ng5 d5 5. exd5 Nd4 6. c3 b5 7. cxd4 bxc4 8.
dxe5 Nxd5 9. Nf3 Bg4 10. Qa4+ Bd7 11. Qxc4 Nb6 12. Qc2 Be7 13. O-O O-O 14. Nc3
Bc6 15. Ne4 Bb7 16. d4 f5 17. Neg5 Bxg5 18. Bxg5 Qe8 19. Qb3+ Bd5 20. Qe3 Nc4
21. Qe2 Rb8 22. b3 Nb6 23. Bf4 Bc6 24. Rac1 Nd5 25. Bd2 Qg6 26. e6 Ba8 27. Nh4
Qf6 28. g3 Qxd4 29. Bg5 Nc3 30. Qc2 Qd5 31. Qxc3 Qh1# 0-1

[Event "BCC Adolf Anderssen Friday Night Marath"]
[Site "Berkeley"]
[Date "2009.02.06"]
[Round "5"]
[White "Clara, John A"]
[Black "Cole, Tony"]
[Result "0-1"]
[WhiteElo "1426"]
[BlackElo "1359"]
[PlyCount "36"]
[EventDate "2009.??.??"]
[SourceDate "2007.10.22"]

1. e4 d5 2. exd5 Qxd5 3. Nc3 Qe6+ 4. Be2 Nf6 5. d4 Nd5 6. Nxd5 Qxd5 7. Bf3 Qe6+
8. Qe2 c6 9. c4 Na6 10. d5 Qd6 11. b3 g6 12. Bb2 Qb4+ 13. Kf1 Rg8 14. dxc6 Bg7
15. Bxg7 Rxg7 16. Qe4 Nc5 17. Qd4 f6 18. Rd1 Qb6 {remainder illegible} 0-1

[Event "BCC Championship"]
[Site "Berkeley"]
[Date "2008.12.12"]
[Round "7.8"]
[White "Clara, John A"]
[Black "Cooklev, Steven"]
[Result "0-1"]
[WhiteElo "1410"]
[BlackElo "1287"]
[PlyCount "82"]
[EventDate "2008.??.??"]
[SourceDate "2007.10.22"]

1. e4 e5 2. Nf3 f5 3. Nxe5 Qf6 4. d4 d6 5. Nc4 fxe4 6. Nc3 Qg6 7. Qe2 Nf6 8.
Be3 Be6 9. O-O-O c6 10. h3 d5 11. Ne5 Qh5 12. Qd2 Kd8 13. Be2 Qe8 14. g4 Nfd7
15. h4 Nxe5 16. dxe5 Nd7 17. g5 Kc7 18. Bf4 Rd8 19. Rdg1 Kc8 20. Qe3 Nb6 21.
Rd1 Qf7 22. Kb1 Bb4 23. b3 Bxc3 24. Qxc3 Qxf4 25. a4 Nd7 26. a5 Qxe5 27. Qb4
Rde8 28. a6 Nb6 29. Qc5 Qd6 30. Qa5 Kb8 31. Kb2 Qc7 32. Ra1 Rhf8 33. axb7 Qxb7
34. Ba6 Qc7 35. Ra3 Rxf2 36. Qc5 Rf7 37. Rha1 Qe5+ 38. c3 Qh2+ 39. Kc1 Qf4+ 40.
Kd1 Bg4+ 41. Be2 Qf1+ 0-1

[Event "Blackburne Friday Night Marathon"]
[Site "Berkeley"]
[Date "2009.03.27"]
[Round "3.4"]
[White "Clara, John A"]
[Black "Doylet, Daniel"]
[Result "0-1"]
[WhiteElo "1439"]
[BlackElo "1835"]
[PlyCount "50"]
[EventDate "2009.??.??"]
[SourceDate "2007.10.22"]

1. e4 c5 2. Nf3 g6 3. d4 cxd4 4. Nxd4 Nc6 5. Be3 Bg7 6. Bc4 Nf6 7. f3 O-O 8.
Qd2 d5 9. exd5 Nxd5 10. Nxc6 bxc6 11. Bd4 e5 12. Bc5 Re8 13. Bxd5 cxd5 14. Nc3
e4 15. O-O Ba6 16. Rfd1 exf3 17. Nxd5 Qh4 18. Qa5 Be5 19. g3 Bxg3 20. Nf6+ Kh8
21. Rd2 Be2 22. Rxe2 Rxe2 23. Ng4 Bxh2+ 24. Nxh2 Qxh2+ 25. Kf1 Qg2# 0-1

[Event "BCC Adolf Anderssen Friday Night Marath"]
[Site "Berkeley"]
[Date "2009.01.16"]
[Round "2"]
[White "Clara, John"]
[Black "Glasscoe, Alan S"]
[Result "0-1"]
[WhiteElo "1426"]
[BlackElo "1837"]
[PlyCount "34"]
[EventDate "2009.??.??"]
[SourceDate "2007.10.22"]

1. e4 Nc6 2. Nf3 f5 3. e5 d6 4. Bb5 Bd7 5. d4 a6 6. Ba4 e6 7. O-O Nge7 8. Bf4
Ng6 9. Bg5 Be7 10. Qd2 O-O 11. c3 f4 12. Bxe7 Qxe7 13. exd6 cxd6 14. Bb3 Nh4
15. Nxh4 Qxh4 16. Re1 f3 17. g3 Qh3 0-1

[Event "BCC Josh Friedel Marathon"]
[Site "?"]
[Date "2008.07.25"]
[Round "3.8"]
[White "Clara, John"]
[Black "Gonda, Thomas"]
[Result "0-1"]
[WhiteElo "1366"]
[BlackElo "1470"]
[PlyCount "84"]
[EventDate "2007.11.18"]
[SourceDate "2007.10.22"]

1. e4 c5 2. Nf3 d6 3. d4 cxd4 4. Nxd4 Nf6 5. Nc3 Nc6 6. Be3 g6 7. Bc4 Bg7 8. f3
O-O 9. Qd2 a6 10. O-O-O Qc7 11. Bh6 Nxd4 12. Bxg7 Kxg7 13. Qxd4 b5 14. Bb3 Bb7
15. Nd5 Bxd5 16. Bxd5 Rac8 17. Bb3 a5 18. c3 b4 19. Rd3 Rfd8 20. Kb1 e5 21. Qe3
Qc5 22. Qd2 Nh5 23. g3 h6 24. Rd1 Rc6 25. Rd5 Qb6 26. Ba4 bxc3 27. Qe2 Rc5 28.
Rxc5 Qxc5 29. Qc2 Rb8 30. b3 Qb4 31. Ka1 Qc5 32. Rd5 Qc7 33. Bb5 Nf6 34. Bc4
Nxd5 35. exd5 Qc5 36. Qxc3 Qg1+ 37. Kb2 Qxh2+ 38. Ka3 Qxg3 39. Qxa5 Qxf3 40.
Qa7 Rc8 41. Qa6 Rc5 42. Qxd6 Rxc4 0-1

[Event "Blackburne Friday Night Marathon"]
[Site "Berkeley"]
[Date "2009.03.13"]
[Round "1"]
[White "Clara, John A"]
[Black "Hirsch, Jack"]
[Result "1-0"]
[WhiteElo "1439"]
[BlackElo "1083"]
[PlyCount "101"]
[EventDate "2009.??.??"]
[SourceDate "2007.10.22"]

1. e4 e5 2. Nf3 Nc6 3. Bc4 Nf6 4. d4 d6 5. d5 Na5 6. Bd3 b6 7. b4 Nb7 8. Bb2 a5
9. a3 axb4 10. axb4 Rxa1 11. Bxa1 Bg4 12. O-O Qc8 13. Bb5+ Bd7 14. Bxd7+ Qxd7
15. Re1 Qa4 16. Bc3 c5 17. dxc6 Qxc6 18. Qd3 Be7 19. Na3 O-O 20. Nc4 b5 21. Na3
Re8 22. Nxb5 d5 23. Nxe5 dxe4 24. Nxc6 exd3 25. Nxe7+ Kf8 26. Nf5 Rxe1+ 27.
Bxe1 dxc2 28. Bd2 Nd5 29. Ne3 Nxb4 30. Bxb4+ Ke8 31. Nxc2 Nd8 32. Ncd4 f6 33.
Nf5 Ne6 34. Nbd6+ Kd7 35. Ne4 g6 36. Nxf6+ Kd8 37. Nd6 Ke7 38. Nxh7 g5 39. Nxg5
Nxg5 40. Ne4+ Kf7 41. Nxg5+ Kf6 42. h4 Kg6 43. g4 Kh6 44. f4 Kg6 45. h5+ Kg7
46. Ne6+ Kh7 47. g5 Kg8 48. g6 Kh8 49. h6 Kg8 50. h7+ Kh8 51. Bc3# 1-0

[Event "BCC Adolf Anderssen Friday Night Marath"]
[Site "Berkeley"]
[Date "2009.01.23"]
[Round "3.3"]
[White "Clara, John A"]
[Black "Krasnov, Steven"]
[Result "0-1"]
[WhiteElo "1426"]
[BlackElo "1927"]
[PlyCount "66"]
[EventDate "2009.??.??"]
[SourceDate "2007.10.22"]

1. e4 c5 2. Nf3 e6 3. c4 Nc6 4. d4 cxd4 5. Nxd4 Nf6 6. Nc3 Bb4 7. f3 O-O 8. Bg5
Qa5 9. Nxc6 Bxc3+ 10. bxc3 Qxg5 11. Ne7+ Kh8 12. Qd4 e5 13. Qf2 Nxe4 14. fxe4
Qxe7 15. c5 d6 16. cxd6 Qxd6 17. Rd1 Qc6 18. Qf3 Be6 19. a3 Rac8 20. Rc1 Qc5
21. a4 Qa3 22. Qe3 Qxa4 23. Be2 Qa3 24. O-O Qc5 25. Rf3 Bg4 26. Qxc5 Rxc5 27.
Rf2 Bxe2 28. Rxe2 Rfc8 29. Rb2 b6 30. Rd2 g6 31. Rd7 R8c7 32. Rd8+ Kg7 33. Ra8
Rc4 0-1

[Event "BCC Annual Championship"]
[Site "?"]
[Date "2008.10.24"]
[Round "1.2"]
[White "Clara, John"]
[Black "Petty, David"]
[Result "1/2-1/2"]
[WhiteElo "1410"]
[BlackElo "1990"]
[PlyCount "61"]
[EventDate "2008.??.??"]
[SourceDate "2007.10.22"]

1. e4 c5 2. Nf3 d6 3. d4 cxd4 4. Nxd4 Nf6 5. Nc3 a6 6. Bc4 e6 7. Bg5 Be7 8. O-O
O-O 9. Bb3 Bd7 10. Kh1 Nc6 11. f4 Rc8 12. f5 e5 13. Bxf6 Nxd4 14. Bxe7 Qxe7 15.
Nd5 Qh4 16. f6 Bg4 17. Ne7+ Kh8 18. Qe1 Qxe1 19. fxg7+ Kxg7 20. Raxe1 Rc5 21.
Re3 Nxb3 22. Rg3 h5 23. axb3 Kh7 24. Rf6 Rxc2 25. h3 Rc7 26. Nd5 Rc1+ 27. Kh2
Be6 28. Ne7 Rc7 29. Nf5 Bxf5 30. Rxf5 Kh6 31. Rf6+ 1/2-1/2

[Event "BCC David Pruess Marathon"]
[Site "?"]
[Date "2008.09.12"]
[Round "2"]
[White "Clara, John"]
[Black "Petty, David"]
[Result "0-1"]
[WhiteElo "1416"]
[BlackElo "1983"]
[PlyCount "32"]
[EventDate "2008.??.??"]
[SourceDate "2007.10.22"]

1. e4 c5 2. Nf3 d6 3. d4 cxd4 4. Nxd4 Nf6 5. Nc3 a6 6. Bc4 e6 7. Bg5 Be7 8. O-O
O-O 9. f4 b5 10. Bb3 Bb7 11. Kh1 Nxe4 12. Nxe4 Bxe4 13. Bxe6 Bxg5 14. fxg5 fxe6
15. Rxf8+ Qxf8 16. Nxe6 Qf2 0-1

[Event "Berkeley CC FNM; 30/90, SD/30"]
[Site "Berkeley"]
[Date "2009.05.15"]
[Round "3.4"]
[White "Clara, John"]
[Black "Rozenblatt, Daniel"]
[Result "0-1"]
[WhiteElo "1477"]
[BlackElo "1669"]
[PlyCount "84"]
[EventDate "2009.??.??"]
[SourceDate "2007.10.22"]

1. e4 e6 2. d4 d5 3. e5 c5 4. c3 Nc6 5. f4 Nge7 6. Nf3 cxd4 7. cxd4 Nf5 8. g4
Nh4 9. Be3 Be7 10. Nc3 a6 11. Nd2 Bd7 12. Bh3 b5 13. O-O O-O 14. Nf3 b4 15. Na4
Nxf3+ 16. Qxf3 Nxd4 17. Bxd4 Bxa4 18. f5 Bg5 19. f6 Qc7 20. Rf2 Bc2 21. Bg2
gxf6 22. exf6 Be4 23. Qh3 Bxg2 24. Qh5 Kh8 25. Rxg2 Qf4 26. Bc5 Rg8 27. Qxf7
Qxf6 28. Rf1 Qxf7 29. Rxf7 e5 30. Bd6 Rge8 31. Bxb4 Rac8 32. Re2 d4 33. Rf5
Be3+ 34. Kg2 Rc6 35. Kf3 e4+ 36. Kg2 Bc1 37. Bc5 d3 38. Re1 Bxb2 39. Rf8+ Rxf8
40. Bxf8 Rc2+ 41. Kg3 Be5+ 42. Kh3 Rxh2# 0-1

[Event "BCC Annual Championship"]
[Site "?"]
[Date "2008.11.14"]
[Round "4.3"]
[White "Clara, John A"]
[Black "Sowell, Nelson M"]
[Result "0-1"]
[WhiteElo "1410"]
[BlackElo "1738"]
[PlyCount "90"]
[EventDate "2008.??.??"]
[SourceDate "2007.10.22"]

1. e4 Nf6 2. e5 Nd5 3. c4 Nb6 4. d4 d6 5. Nf3 Bg4 6. Be2 e6 7. Nc3 Be7 8. Qb3
Nc6 9. Be3 O-O 10. h3 Bxf3 11. Bxf3 dxe5 12. Bxc6 bxc6 13. dxe5 Qd3 14. c5 Nd5
15. Rd1 Qa6 16. Bd4 Rfd8 17. Ne2 Rab8 18. Qc2 Qxa2 19. O-O Nb4 20. Qc3 a6 21.
Nf4 Nd5 22. Nxd5 Qxd5 23. Be3 Qa2 24. Bd4 Qb3 25. Qa5 Qb7 26. Rd2 Ra8 27. Ra1
Rd5 28. Ra4 h6 29. b4 Rad8 30. b5 axb5 31. Qb4 Qc8 32. Raa2 Qd7 33. Be3 Qe8 34.
Bd4 Bg5 35. Rd3 Qd7 36. h4 Bxh4 37. Rad2 Bg5 38. Rd1 Ra8 39. g3 Ra4 40. Qc3 Be7
41. R3d2 Qc8 42. f4 Qa6 43. Kg2 Ra3 44. Qb2 Qa5 45. Qc2 Rxd4 0-1

[Event "Berkeley CC Santasiere FNM; 30/90, SD/3"]
[Site "Berkeley CA"]
[Date "2009.08.14"]
[Round "2.6"]
[White "Clara, John Anthon"]
[Black "Sowell, Nelson M"]
[Result "1-0"]
[WhiteElo "1571"]
[BlackElo "1752"]
[PlyCount "49"]
[EventDate "2009.??.??"]
[SourceDate "2007.10.22"]

1. e4 Nf6 2. e5 Nd5 3. c4 Nb6 4. Nc3 d6 5. Nf3 Bg4 6. Be2 e6 7. O-O Be7 8. Ne1
Bxe2 9. Qxe2 O-O 10. f4 dxe5 11. fxe5 Nc6 12. Nf3 Nd4 13. Qe4 Nxf3+ 14. Rxf3
Qd7 15. Rh3 Bc5+ 16. Kh1 h6 17. Ne2 f5 18. exf6 Rxf6 19. d4 Rf1+ 20. Ng1 Bxd4
21. Be3 Rxa1 22. Bxd4 Rd8 23. Rxh6 Qxd4 24. Qxe6+ Kf8 25. Rh8# 1-0

[Event "Berkeley CC FNM; 30/90, SD/30"]
[Site "Berkeley"]
[Date "2009.05.01"]
[Round "1.2"]
[White "Clara, John"]
[Black "Watson, Farid"]
[Result "0-1"]
[WhiteElo "1477"]
[BlackElo "1960"]
[PlyCount "58"]
[EventDate "2009.??.??"]
[SourceDate "2007.10.22"]

1. e4 g6 2. d4 Bg7 3. Nf3 d6 4. Bc4 c6 5. a3 Nf6 6. Nc3 O-O 7. Bg5 Nxe4 8. Nxe4
d5 9. Ng3 dxc4 10. Qd2 Bg4 11. O-O-O Nd7 12. Bh6 c3 13. Qe3 cxb2+ 14. Kb1 Nf6
15. h3 Nd5 16. Qg5 Bxf3 17. gxf3 Nc3+ 18. Kxb2 Nxd1+ 19. Rxd1 e6 20. Qe3 c5 21.
Nh5 Bxd4+ 22. Rxd4 Qxd4+ 23. Qxd4 cxd4 24. Nf6+ Kh8 25. Bxf8 Rxf8 26. f4 Kg7
27. Nd7 Rd8 28. Nc5 Rd5 29. Nb3 Kf6 0-1

[Event "Berkeley CC Santasiere FNM; 30/90, SD/3"]
[Site "Berkeley CA"]
[Date "2009.08.28"]
[Round "4.4"]
[White "Clara, John Anthony"]
[Black "Watson, Farid Mark"]
[Result "0-1"]
[WhiteElo "1571"]
[BlackElo "1905"]
[PlyCount "42"]
[EventDate "2009.??.??"]
[SourceDate "2007.10.22"]

1. e4 g6 2. d4 Bg7 3. Nf3 d6 4. c4 e5 5. dxe5 dxe5 6. Qxd8+ Kxd8 7. Nc3 Nc6 8.
Bg5+ f6 9. O-O-O+ Bd7 10. Be3 Nh6 11. g3 Ke8 12. Nb5 Rc8 13. Bxa7 Nxa7 14. Nxa7
Ra8 15. Nb5 Bxb5 16. cxb5 Ng4 17. Re1 Nxf2 18. Rg1 Rxa2 19. Kb1 Ra4 20. Nd2 Bh6
21. h3 Rd4 0-1